Sociedades hospitalarias. Costa Rica y la acogida de inmigrantes /

Gespeichert in:
Bibliographische Detailangaben
1. Verfasser: Jiménez Matarrita, Alexander
Weitere Verfasser: ed.
Format: Text
Veröffentlicht: San José: Arlekin
Schlagworte:
Tags: Tag hinzufügen
Keine Tags, Fügen Sie den ersten Tag hinzu!

MARC

LEADER 00000 a a2200000 04500
001 31788
003
040
020 |a 9968-834-60-45  
090 |a 199004  
100 |a Jiménez Matarrita, Alexander  
245 |a Sociedades hospitalarias. Costa Rica y la acogida de inmigrantes /  |c Alexander Jiménez Matarrita 
260 |a San José:   |b Arlekin  
300 |a 152 p  
650 |a POBLACION  
650 |a CENSOS  
650 |a MIGRACION  
650 |a EDUCACION  
650 |a CENSOS DE POBLACION  
650 |a MIGRACION  
650 |a ANALFABETISMO  
700 |a ed.  
999 |c 11563  |d 11563